[Event "Prague Golden op 18th"]
[Site "Prague"]
[Date "2023.06.25"]
[Round "8.2"]
[White "Kolbusovsky, Michal"]
[Black "Korniichuk, Oleksandra"]
[Result "0-1"]
[WhiteElo "1817"]
[BlackElo "1725"]
[PlyCount "112"]
[EventDate "2023.06.25"]
[EventType "team-swiss"]
[EventRounds "9"]
[EventCountry "CZE"]
[SourceTitle "CBM 214 Extra"]
[Source "ChessBase"]
[SourceDate "2023.07.31"]
[SourceVersion "1"]
[SourceVersionDate "2023.07.31"]
[SourceQuality "1"]
[WhiteTeam "Blbi a Pomali"]
[BlackTeam "Bohemians"]
[WhiteTeamCountry "CZE"]
[BlackTeamCountry "CZE"]

1. e4 c5 2. Nf3 Nc6 3. Bb5 g6 4. Bxc6 dxc6 5. 0-0 Bg7 6. c3 e5 7. d3 Qc7 8. Be3 b6 9. Nbd2 Ne7 10. Nc4 0-0 11. Qd2 Be6 12. Na3 Rfd8 13. Rad1 Rd6 14. Ng5 f6 15. Nxe6 Rxe6 16. f4 f5 17. Nc4 Rd8 18. Nxe5 Bxe5 19. fxe5 fxe4 20. Qf2 Nf5 21. d4 cxd4 22. Bxd4 c5 23. Be3 Rxd1 24. Rxd1 Qe7 25. Bf4 e3 26. Bxe3 Nxe3 27. Qxe3 Rxe5 28. Qd2 Re2 29. Qd5+ Kg7 30. Qd7 Qxd7 31. Rxd7+ Kh6 32. Rxa7 Rxb2 33. Ra6 Kg5 34. h3 h5 35. Kh2 Kf5 36. Kg3 g5 37. Kf3 g4+ 38. hxg4+ hxg4+ 39. Kg3 Kg5 40. Ra8 Rc2 41. Rg8+ Kf5 42. Rf8+ Ke5 43. Rg8 Rxc3+ 44. Kxg4 Rc2 45. g3 Rxa2 46. Kg5 b5 47. Re8+ Kd4 48. g4 Rg2 49. Kf5 b4 50. g5 b3 51. Rb8 Kc3 52. g6 c4 53. Kf6 Kc2 54. g7 c3 55. Rb5 Rxg7 56. Kxg7 b2 0-1

[Event "Prague Golden op 18th"]
[Site "Prague"]
[Date "2023.06.25"]
[Round "5.2"]
[White "Kolbusovsky, Michal"]
[Black "Vorisek, Jakub"]
[Result "1/2-1/2"]
[WhiteElo "1817"]
[BlackElo "2168"]
[PlyCount "148"]
[EventDate "2023.06.25"]
[EventType "team-swiss"]
[EventRounds "9"]
[EventCountry "CZE"]
[SourceTitle "CBM 214 Extra"]
[Source "ChessBase"]
[SourceDate "2023.07.31"]
[SourceVersion "1"]
[SourceVersionDate "2023.07.31"]
[SourceQuality "1"]
[WhiteTeam "Blbi a Pomali"]
[BlackTeam "Vlasim Spartak"]
[WhiteTeamCountry "CZE"]
[BlackTeamCountry "CZE"]

1. e4 e6 2. d4 d5 3. exd5 exd5 4. Nf3 Nf6 5. Bd3 Bd6 6. Qe2+ Qe7 7. Qxe7+ Kxe7 8. 0-0 Re8 9. Re1+ Kf8 10. Rxe8+ Kxe8 11. h3 c6 12. Nbd2 Nbd7 13. Nf1 Ne4 14. Ng5 Ndf6 15. Nxe4 dxe4 16. Bc4 Ke7 17. Bg5 h6 18. Bh4 g5 19. Bg3 Be6 20. Bxd6+ Kxd6 21. Bxe6 Kxe6 22. Ne3 Rd8 23. Rd1 Nh5 24. c3 f5 25. g4 Ng7 26. gxf5+ Nxf5 27. Nxf5 Kxf5 28. Kg2 Kf4 29. c4 h5 30. b4 b5 31. cxb5 cxb5 32. a3 Rd5 33. Rc1 Rxd4 34. Rc7 a5 35. bxa5 Ra4 36. Rc3 Rxa5 37. Rg3 Ra4 38. Rb3 Ra6 39. Rg3 Rd6 40. Rb3 Rd3 41. Rxb5 Rxa3 42. Rb2 g4 43. hxg4 Kxg4 44. Rb8 Ra5 45. Rf8 Rf5 46. Rh8 h4 47. Rg8+ Rg5 48. Rf8 Rf5 49. Rh8 Rf6 50. Rh7 Rf8 51. Rg7+ Kf4 52. Rh7 Rg8+ 53. Kf1 Kg4 54. Kg2 Kf4+ 55. Kf1 Rg4 56. Ke2 Kf5 57. Kf1 Kg5 58. Rg7+ Kf4 59. Rh7 Kg5 60. Rh8 Rf4 61. Kg2 Rg4+ 62. Kf1 Kf4 63. Rf8+ Ke5 64. Rh8 Kf4 65. Rf8+ Kg5 66. Rg8+ Kf5 67. Rh8 Kf4 68. Rf8+ Ke5 69. Rh8 Kd4 70. Ke2 Ke5 71. Rh7 Kf4 72. Rf7+ Kg5 73. Rh7 Kf5 74. Ke3 Kg5 1/2-1/2

[Event "Prague Golden op 18th"]
[Site "Prague"]
[Date "2023.06.25"]
[Round "3.2"]
[White "Koslerova, Denisa Annie"]
[Black "Kolbusovsky, Michal"]
[Result "0-1"]
[WhiteElo "1068"]
[BlackElo "1817"]
[PlyCount "55"]
[EventDate "2023.06.25"]
[EventType "team-swiss"]
[EventRounds "9"]
[EventCountry "CZE"]
[SourceTitle "CBM 214 Extra"]
[Source "ChessBase"]
[SourceDate "2023.07.31"]
[SourceVersion "1"]
[SourceVersionDate "2023.07.31"]
[SourceQuality "1"]
[WhiteTeam "Praha DDM"]
[BlackTeam "Blbi a Pomali"]
[WhiteTeamCountry "CZE"]
[BlackTeamCountry "CZE"]

1. e4 c5 2. Nf3 Nc6 3. d4 cxd4 4. Nxd4 g6 5. Nxc6 bxc6 6. Nc3 Bg7 7. Qf3 Nf6 8. e5 Ng8 9. Bf4 Qa5 10. Qe3 f6 11. e6 dxe6 12. 0-0-0 e5 13. Bc4 exf4 14. Qe4 Qc7 15. Rhe1 e5 16. Na4 Bf5 17. Qf3 Ne7 18. Nc5 Bh6 19. Ne6 Bxe6 20. Bxe6 Rd8 21. Qh3 Bg5 22. Kb1 Kf8 23. Rd3 Kg7 24. Red1 Rxd3 25. Qxd3 f5 26. g3 Nd5 27. g4 Rd8 28. Qc3 0-1

[Event "Prague Golden Blitz op"]
[Site "Prague"]
[Date "2023.06.18"]
[Round "2"]
[White "Kiratzopoulos, Efthimios"]
[Black "Kolbusovsky, Michal"]
[Result "1-0"]
[WhiteElo "2056"]
[BlackElo "1778"]
[PlyCount "41"]
[EventDate "2023.06.18"]
[EventType "swiss (blitz)"]
[EventRounds "11"]
[EventCountry "CZE"]
[SourceTitle "CBM 215 Extra"]
[Source "ChessBase"]
[SourceDate "2023.09.30"]
[SourceVersion "1"]
[SourceVersionDate "2023.09.30"]
[SourceQuality "1"]

1. d4 Nf6 2. Nc3 d5 3. Bg5 g6 4. Qd2 Bg7 5. Bh6 Bxh6 6. Qxh6 c5 7. e3 Nc6 8. dxc5 Qa5 9. 0-0-0 Be6 10. Nf3 Qxc5 11. Nd4 Nxd4 12. exd4 Qc8 13. Bb5+ Bd7 14. Rhe1 Bxb5 15. Qg7 Kd7 16. Qxf7 Qf8 17. Qe6+ Kd8 18. Nxb5 a6 19. Qb6+ Kd7 20. Qc7+ Ke8 21. Nd6# 1-0

[Event "Prague Golden op"]
[Site "Prague"]
[Date "2022.07.17"]
[Round "9"]
[White "Rehacek, Oldrich"]
[Black "Kolbusovsky, Michal"]
[Result "0-1"]
[WhiteElo "1337"]
[BlackElo "1830"]
[PlyCount "110"]
[EventDate "2022.07.09"]
[EventType "swiss"]
[EventRounds "9"]
[EventCountry "CZE"]
[SourceTitle "CBM 209 Extra"]
[Source "ChessBase"]
[SourceDate "2022.09.30"]
[SourceVersion "1"]
[SourceVersionDate "2022.09.30"]
[SourceQuality "1"]

1. b3 e5 2. Bb2 d6 3. e3 Nf6 4. d4 exd4 5. exd4 Bf5 6. Nf3 Be7 7. Bd3 Bxd3 8. Qxd3 0-0 9. 0-0 Re8 10. c4 Nbd7 11. Nbd2 Nf8 12. d5 Ng6 13. Rfe1 Nd7 14. Ne4 Nde5 15. Nxe5 Nxe5 16. Qc3 f6 17. Qg3 Kh8 18. f4 f5 19. Nxd6 cxd6 20. fxe5 Bh4 21. Qc3 Bxe1 22. Rxe1 Qb6+ 23. Kh1 dxe5 24. Rxe5 Qf6 25. Qg3 f4 26. Rxe8+ Rxe8 27. Bxf6 fxg3 28. Bc3 gxh2 29. Kxh2 Kg8 30. d6 Kf7 31. c5 g6 32. Ba5 Ke6 33. Bc7 Kd7 34. b4 Re4 35. a3 Re3 36. a4 Re4 37. Ba5 b6 38. cxb6 axb6 39. Bxb6 Rxb4 40. a5 Kxd6 41. Kh3 h5 42. g3 Ke6 43. Bc7 Ra4 44. Bd8 Kf5 45. Bc7 g5 46. Bd8 Ra3 47. Kg2 g4 48. Kf2 Ke4 49. Bc7 Ra2+ 50. Ke1 Kf3 51. Kd1 h4 52. gxh4 g3 53. h5 g2 54. Bb6 Rxa5 55. Bxa5 g1Q+ 0-1

[Event "Prague Golden Blitz op 17th"]
[Site "Prague"]
[Date "2022.07.16"]
[Round "7"]
[White "Baran, Peter"]
[Black "Kolbusovsky, Michal"]
[Result "0-1"]
[WhiteElo "2059"]
[BlackElo "1882"]
[PlyCount "74"]
[EventDate "2022.07.16"]
[EventType "swiss (blitz)"]
[EventRounds "11"]
[EventCountry "CZE"]
[SourceTitle "CBM 209 Extra"]
[Source "ChessBase"]
[SourceDate "2022.09.30"]
[SourceVersion "1"]
[SourceVersionDate "2022.09.30"]
[SourceQuality "1"]

1. e4 e6 2. d4 d5 3. e5 c5 4. Qg4 cxd4 5. Qg3 Nc6 6. Nf3 h6 7. Bd3 Bb4+ 8. Nbd2 Bf8 9. a3 Nge7 10. 0-0 g5 11. b4 a6 12. Nb3 Ng6 13. Re1 Bg7 14. Bxg6 fxg6 15. h4 Rf8 16. hxg5 h5 17. Nh4 Ne7 18. Nxd4 Qc7 19. Bb2 Bd7 20. Re2 0-0-0 21. Rc1 Kb8 22. Nhf3 Nf5 23. Qf4 Ne7 24. Qd2 b5 25. Nb3 Ka8 26. Nc5 Nc6 27. a4 Rxf3 28. gxf3 Nxe5 29. Bxe5 Bxe5 30. Nxa6 Qd6 31. Nc5 Bf4 32. Qc3 Bxc1 33. axb5 Rc8 34. Re1 Kb8 35. Rxc1 Qc7 36. Rb1 Bxb5 37. Nd3 Qxc3 0-1

[Event "Prague Golden Blitz op 17th"]
[Site "Prague"]
[Date "2022.07.16"]
[Round "10"]
[White "Kolbusovsky, Michal"]
[Black "Macek, Petr"]
[Result "1/2-1/2"]
[WhiteElo "1882"]
[BlackElo "1830"]
[PlyCount "38"]
[EventDate "2022.07.16"]
[EventType "swiss (blitz)"]
[EventRounds "11"]
[EventCountry "CZE"]
[SourceTitle "CBM 209 Extra"]
[Source "ChessBase"]
[SourceDate "2022.09.30"]
[SourceVersion "1"]
[SourceVersionDate "2022.09.30"]
[SourceQuality "1"]

1. Nf3 Nf6 2. c4 g6 3. e3 d5 4. cxd5 Nxd5 5. d4 Bg7 6. Nc3 Nxc3 7. bxc3 0-0 8. c4 c5 9. Bb2 Bg4 10. Be2 Nc6 11. Ne5 Bxe2 12. Qxe2 Qa5+ 13. Qd2 Qxd2+ 14. Kxd2 Nxe5 15. dxe5 Rfd8+ 16. Ke2 e6 17. Rhd1 Kf8 18. f4 b6 19. Bc3 Ke8 1/2-1/2

[Event "Prague Golden Blitz op 17th"]
[Site "Prague"]
[Date "2022.07.16"]
[Round "8"]
[White "Kolbusovsky, Michal"]
[Black "Pulpan, Jakub"]
[Result "0-1"]
[WhiteElo "1882"]
[BlackElo "2495"]
[PlyCount "98"]
[EventDate "2022.07.16"]
[EventType "swiss (blitz)"]
[EventRounds "11"]
[EventCountry "CZE"]
[SourceTitle "CBM 209 Extra"]
[Source "ChessBase"]
[SourceDate "2022.09.30"]
[SourceVersion "1"]
[SourceVersionDate "2022.09.30"]
[SourceQuality "1"]

1. Nf3 b6 2. c4 Bb7 3. Nc3 g6 4. d4 Bg7 5. e3 Nf6 6. Be2 0-0 7. 0-0 d6 8. b3 c5 9. Bb2 Ne4 10. Bd3 Nxc3 11. Bxc3 Nc6 12. Rc1 cxd4 13. Nxd4 Nxd4 14. Bxd4 Bxd4 15. exd4 e6 16. Qe2 Qh4 17. Qe3 Rac8 18. Rfd1 Rfe8 19. Be2 Qf6 20. Bf3 Bxf3 21. Qxf3 Qxf3 22. gxf3 Re7 23. f4 Kg7 24. Kg2 a5 25. a4 Kf6 26. Kf3 Kf5 27. Rg1 h6 28. Rce1 Rd7 29. Rc1 d5 30. Rge1 dxc4 31. Re5+ Kf6 32. Rxc4 Rxc4 33. bxc4 Rxd4 34. Rb5 Rxc4 35. Rxb6 h5 36. Rb7 Rxa4 37. Ra7 Ra3+ 38. Ke4 Rh3 39. Rxa5 Rxh2 40. Kf3 Rh3+ 41. Ke4 h4 42. Rg5 Ra3 43. Rg2 h3 44. Rh2 Ra4+ 45. Kf3 Kf5 46. Kg3 Rxf4 47. Rxh3 g5 48. f3 Rxf3+ 49. Kxf3 Ke5 0-1

[Event "Prague Golden op"]
[Site "Prague"]
[Date "2022.07.14"]
[Round "6"]
[White "Kolbusovsky, Michal"]
[Black "Repa, Vaclav"]
[Result "1/2-1/2"]
[WhiteElo "1830"]
[BlackElo "1583"]
[PlyCount "117"]
[EventDate "2022.07.09"]
[EventType "swiss"]
[EventRounds "9"]
[EventCountry "CZE"]
[SourceTitle "CBM 209 Extra"]
[Source "ChessBase"]
[SourceDate "2022.09.30"]
[SourceVersion "1"]
[SourceVersionDate "2022.09.30"]
[SourceQuality "1"]

1. Nf3 d5 2. c4 Bg4 3. cxd5 Bxf3 4. gxf3 Nf6 5. e4 c5 6. d4 cxd4 7. Qxd4 e6 8. Bb5+ Nbd7 9. dxe6 fxe6 10. Nc3 a6 11. Bc4 Bc5 12. Qd2 Qe7 13. Qg5 h6 14. Qg6+ Qf7 15. Qxf7+ Kxf7 16. Be3 b5 17. Be2 Bb4 18. 0-0 g5 19. h3 Nh5 20. Rfd1 Rhd8 21. a4 bxa4 22. Nxa4 Nf4 23. Bxf4 gxf4 24. Kh1 a5 25. Rac1 Ne5 26. Nb6 Rxd1+ 27. Rxd1 Ra7 28. Nc4 Nxc4 29. Bxc4 Rc7 30. Bb3 Kf6 31. Kg1 Rg7+ 32. Kf1 Rg5 33. Rc1 Rc5 34. Bc4 Ke5 35. Rc2 Kd4 36. Bb3 e5 37. Rxc5 Bxc5 38. Bf7 Be7 39. b3 Kd3 40. Kg2 Bh4 41. Bg6 Kc3 42. Bf7 Kd3 43. Kf1 Kd2 44. Bc4 Kd1 45. Bb5 Kd2 46. Ba4 Be7 47. h4 Bxh4 48. Be8 Kc3 49. Bf7 Kd2 50. Kg2 Kc3 51. Kh3 Bxf2 52. Kg4 Kb4 53. Kh5 a4 54. bxa4 Kxa4 55. Kxh6 Bd4 56. Kg5 Kb4 57. Kf5 Kc3 58. Bg6 Kd2 59. Bh5 1/2-1/2

[Event "Prague Golden op"]
[Site "Prague"]
[Date "2022.07.12"]
[Round "4"]
[White "Kolbusovsky, Michal"]
[Black "Veselsky, Jan"]
[Result "1-0"]
[WhiteElo "1830"]
[BlackElo "1571"]
[PlyCount "115"]
[EventDate "2022.07.09"]
[EventType "swiss"]
[EventRounds "9"]
[EventCountry "CZE"]
[SourceTitle "CBM 209 Extra"]
[Source "ChessBase"]
[SourceDate "2022.09.30"]
[SourceVersion "1"]
[SourceVersionDate "2022.09.30"]
[SourceQuality "1"]

1. g4 c6 2. c4 d6 3. h3 Nf6 4. Bg2 Nbd7 5. Nc3 Nb6 6. d3 e5 7. Nf3 Be6 8. a4 e4 9. Ng5 exd3 10. exd3 Bd7 11. 0-0 Be7 12. Re1 0-0 13. f4 h6 14. Nf3 Ne8 15. a5 Nc8 16. f5 Bh4 17. Nxh4 Qxh4 18. Be3 Nf6 19. Bf2 Qg5 20. Be3 Qh4 21. Qf3 d5 22. cxd5 cxd5 23. a6 Bc6 24. axb7 Bxb7 25. Qf4 Nb6 26. Bf2 Qg5 27. Qxg5 hxg5 28. Re7 Bc6 29. Rexa7 Nbd7 30. Rxa8 Bxa8 31. Be3 Ne5 32. d4 Nc4 33. Bxg5 Nxb2 34. Bxf6 gxf6 35. Bxd5 Bxd5 36. Nxd5 Kg7 37. Nf4 Nc4 38. Kf2 Rb8 39. Re1 Rb2+ 40. Re2 Rb4 41. Nh5+ Kf8 42. Nxf6 Nd6 43. d5 Rd4 44. Kg3 Kg7 45. Ne8+ Nxe8 46. Rxe8 Rxd5 47. Re3 Kf6 48. Kf4 Rd1 49. g5+ Kg7 50. h4 Rh1 51. Kg4 Rg1+ 52. Rg3 Ra1 53. Kh5 Ra5 54. f6+ Kh7 55. Re3 Ra7 56. Re7 Ra4 57. g6+ Kg8 58. Re8# 1-0

[Event "Prague Autumn op 1st"]
[Site "Prague"]
[Date "2021.09.25"]
[Round "3"]
[White "Kolbusovsky, Michal"]
[Black "Cizek, Jan"]
[Result "1-0"]
[WhiteElo "1701"]
[BlackElo "1708"]
[PlyCount "71"]
[EventDate "2021.09.24"]
[EventType "swiss"]
[EventRounds "5"]
[EventCountry "CZE"]
[SourceTitle "CBM 204 Extra"]
[Source "ChessBase"]
[SourceDate "2021.11.30"]
[SourceVersion "1"]
[SourceVersionDate "2021.11.30"]
[SourceQuality "1"]

1. e4 c5 2. Nf3 d6 3. c3 Nf6 4. Be2 e6 5. 0-0 Nc6 6. d3 Be7 7. Bg5 0-0 8. Nbd2 h6 9. Bh4 d5 10. Qc2 Nh5 11. Bxe7 Qxe7 12. Rfe1 Nf4 13. Bf1 Qc7 14. Rad1 b6 15. g3 Ng6 16. exd5 exd5 17. Bg2 Be6 18. Nf1 Rad8 19. d4 c4 20. Rxe6 fxe6 21. Qxg6 Rf6 22. Qg4 Rdf8 23. Re1 Qf7 24. N1d2 Rf5 25. h4 h5 26. Qh3 Qf6 27. Re2 e5 28. dxe5 Nxe5 29. Rxe5 Rxe5 30. Nxe5 Qf5 31. Kh2 Qxf2 32. Qg4 Qxd2 33. Qe6+ Kh7 34. Nf7 g6 35. Ng5+ Kg7 36. Qe7+ 1-0

[Event "Prague Golden op"]
[Site "Prague"]
[Date "2021.07.18"]
[Round "9"]
[White "Haase, Pavel"]
[Black "Kolbusovsky, Michal"]
[Result "1-0"]
[WhiteElo "2118"]
[BlackElo "1641"]
[PlyCount "91"]
[EventDate "2021.07.10"]
[EventType "swiss"]
[EventRounds "9"]
[EventCountry "CZE"]
[SourceTitle "CBM 203 Extra"]
[Source "ChessBase"]
[SourceDate "2021.09.30"]
[SourceVersion "1"]
[SourceVersionDate "2021.09.30"]
[SourceQuality "1"]

1. d4 Nf6 2. Bf4 c5 3. e3 cxd4 4. exd4 d5 5. c3 Bf5 6. Qb3 Qc8 7. Nf3 Nc6 8. Nbd2 e6 9. Nh4 Be7 10. Nxf5 exf5 11. Be2 0-0 12. 0-0 Qd7 13. Rfe1 Bd6 14. Bxd6 Qxd6 15. Bd3 g6 16. Re2 b6 17. Rae1 Rfe8 18. Qa4 Rxe2 19. Rxe2 Ne4 20. Nf1 a5 21. Ne3 Rc8 22. Qb5 Nxd4 23. cxd4 Rc1+ 24. Nf1 Qf4 25. Qe8+ Kg7 26. Qe5+ Qxe5 27. dxe5 Nc5 28. Bb5 d4 29. Rd2 Rb1 30. f3 f6 31. exf6+ Kxf6 32. Kf2 a4 33. Ng3 a3 34. b3 Rb2 35. Ke1 Nxb3 36. Rxb2 axb2 37. Bd3 Nc5 38. Bb1 Na4 39. Ne2 Nc3 40. Nxc3 dxc3 41. Ke2 Ke5 42. Kd3 g5 43. Kxc3 h5 44. a4 g4 45. Kxb2 f4 46. Kc3 1-0

[Event "Prague Golden op"]
[Site "Prague"]
[Date "2021.07.12"]
[Round "3"]
[White "Rehak, Martin"]
[Black "Kolbusovsky, Michal"]
[Result "1/2-1/2"]
[WhiteElo "1975"]
[BlackElo "1641"]
[PlyCount "62"]
[EventDate "2021.07.10"]
[EventType "swiss"]
[EventRounds "9"]
[EventCountry "CZE"]
[SourceTitle "CBM 203 Extra"]
[Source "ChessBase"]
[SourceDate "2021.09.30"]
[SourceVersion "1"]
[SourceVersionDate "2021.09.30"]
[SourceQuality "1"]

1. Nf3 d5 2. g3 g6 3. Bg2 Bg7 4. 0-0 Nf6 5. b3 0-0 6. Bb2 c6 7. c4 Bf5 8. d3 Nbd7 9. Nd4 Ne8 10. Qd2 Bxd4 11. Bxd4 e5 12. Bb2 Nc7 13. Nc3 Be6 14. Ba3 Re8 15. cxd5 Nxd5 16. Nxd5 Bxd5 17. Bxd5 cxd5 18. d4 e4 19. e3 Re6 20. Rac1 Rc8 21. Rxc8 Qxc8 22. Rc1 Rc6 23. Rxc6 Qxc6 24. Qa5 a6 25. Qd8+ Kg7 26. h4 Qe6 27. Kg2 h5 28. Be7 Qg4 29. Bg5 Qf3+ 30. Kg1 Qd1+ 31. Kg2 Qf3+ 1/2-1/2